| 000 | 00823 a2200217 4500 | ||
|---|---|---|---|
| 005 | 20080828130059.0 | ||
| 008 | 080828t xxu||||| |||| 00| 0 eng d | ||
| 010 | _aENG-87367 | ||
| 020 | _c400.00 | ||
| 035 | _aEN-70900 | ||
| 037 | _bDBAD / PUB | ||
| 082 | _a954.0841 | ||
| 100 | _aSaroj Kumari | ||
| 245 |
_aRole of women in the freedom movement in Bihar (1912-1947) _cby Saroj Kumari |
||
| 260 |
_aPatna _bJanaki Prakashan _c2005 |
||
| 270 |
_aAshok Rajpath, Chauhatta, _bPatna _e800 004 |
||
| 300 |
_a195p. _c22cm (Hb) |
||
| 500 | _aIncludes bibliographial references and index | ||
| 942 |
_adpl _cEN _k954.0841 / SAR _2ddc _h954.0841 _mSAR |
||
| 999 |
_c6487 _d6487 |
||